[Event "ABC 2025 Groep C"]
[Site "Utrecht"]
[Date "2025.03.15"]
[Round "4.7"]
[White "Baarspul, Bram"]
[Black "Suthan, Aadvik"]
[Result "1-0"]
[WhiteFideId "9026171"]
[BlackFideId "8973723"]
[WhiteElo "1995"]
[BlackElo "1763"]

1. e4 {[%clk 00:55:11]} {[%emt 00:00:09]} e5 {[%clk 00:55:03]} {[%emt
00:00:17]} 2. Nf3 {[%clk 00:55:07]} {[%emt 00:00:15]} Nf6 {[%clk 00:54:40]}
{[%emt 00:00:33]} 3. Nxe5 {[%clk 00:54:51]} {[%emt 00:00:26]} d6 {[%clk
00:54:10]} {[%emt 00:00:40]} 4. Nf3 {[%clk 00:54:58]} {[%emt 00:00:03]} Nxe4
{[%clk 00:53:50]} {[%emt 00:00:29]} 5. Nc3 {[%clk 00:54:54]} {[%emt 00:00:14]}
Nxc3 {[%clk 00:53:09]} {[%emt 00:00:52]} 6. dxc3 {[%clk 00:55:00]} {[%emt
00:00:04]} Be7 {[%clk 00:53:00]} {[%emt 00:00:20]} 7. Bc4 {[%clk 00:54:36]}
{[%emt 00:00:33]} Nc6 {[%clk 00:52:30]} {[%emt 00:00:39]} 8. h3 {[%clk
00:54:22]} {[%emt 00:00:24]} Ne5 {[%clk 00:52:09]} {[%emt 00:00:32]} 9. Nxe5
{[%clk 00:52:27]} {[%emt 00:02:03]} dxe5 {[%clk 00:51:11]} {[%emt 00:01:09]} 10.
Qh5 {[%clk 00:52:35]} {[%emt 00:00:03]} O-O {[%clk 00:50:47]} {[%emt 00:00:34]}
11. Qxe5 {[%clk 00:52:33]} {[%emt 00:00:12]} Bd6 {[%clk 00:50:01]} {[%emt
00:00:56]} 12. Qd4 {[%clk 00:51:30]} {[%emt 00:01:13]} Be6 {[%clk 00:48:56]}
{[%emt 00:01:16]} 13. Bxe6 {[%clk 00:50:12]} {[%emt 00:01:27]} fxe6 {[%clk
00:48:23]} {[%emt 00:00:43]} 14. Be3 {[%clk 00:48:45]} {[%emt 00:01:37]} Qf6
{[%clk 00:47:04]} {[%emt 00:01:29]} 15. O-O-O {[%clk 00:47:52]} {[%emt
00:01:02]} Be5 {[%clk 00:46:00]} {[%emt 00:01:12]} 16. Qc4 {[%clk 00:45:34]}
{[%emt 00:02:31]} a5 {[%clk 00:44:53]} {[%emt 00:01:17]} 17. Rd7 {[%clk
00:44:19]} {[%emt 00:01:24]} a4 {[%emt 00:00:42]} 18. a3 {[%emt 00:00:21]} Bd6
{[%clk 00:42:17]} {[%emt 00:01:42]} 19. Qe4 {[%clk 00:39:58]} {[%emt 00:04:32]}
b5 {[%clk 00:40:57]} {[%emt 00:01:32]} 20. Re1 {[%clk 00:37:37]} {[%emt
00:02:30]} Kh8 {[%clk 00:39:01]} {[%emt 00:02:06]} 21. f3 {[%clk 00:34:15]}
{[%emt 00:03:32]} Rad8 {[%clk 00:34:25]} {[%emt 00:04:45]} 22. Rxd8 {[%clk
00:34:06]} {[%emt 00:00:19]} Rxd8 {[%clk 00:34:04]} {[%emt 00:00:32]} 23. Bd4
{[%clk 00:32:09]} {[%emt 00:02:08]} Qg5+ {[%clk 00:32:48]} {[%emt 00:01:25]} 24.
Kb1 {[%clk 00:30:33]} {[%emt 00:01:46]} Re8 {[%clk 00:30:35]} {[%emt 00:02:15]}
25. Qc6 {[%clk 00:29:59]} {[%emt 00:00:52]} Rg8 {[%clk 00:29:28]} {[%emt
00:01:17]} 26. Rxe6 {[%clk 00:26:14]} {[%emt 00:03:55]} b4 {[%clk 00:26:20]}
{[%emt 00:03:19]} 27. cxb4 {[%clk 00:16:40]} {[%emt 00:09:43]} Qxg2 {[%clk
00:24:56]} {[%emt 00:01:34]} 28. Rh6 {[%clk 00:14:59]} {[%emt 00:01:50]} Qg5
{[%clk 00:23:22]} {[%emt 00:01:42]} 29. Re6 {[%clk 00:14:18]} {[%emt 00:00:53]}
Qd2 {[%clk 00:21:00]} {[%emt 00:02:32]} 30. Qc3 {[%clk 00:13:46]} {[%emt
00:00:42]} Qxc3 {[%clk 00:19:34]} {[%emt 00:01:37]} 31. bxc3 {[%clk 00:13:15]}
{[%emt 00:00:41]} Rf8 {[%clk 00:18:52]} {[%emt 00:00:27]} 32. Be5 {[%clk
00:13:03]} {[%emt 00:00:47]} Bxe5 {[%clk 00:18:41]} {[%emt 00:00:21]} 33. Rxe5
{[%clk 00:13:12]} {[%emt 00:00:02]} h6 {[%clk 00:18:24]} {[%emt 00:00:27]} 34.
Rc5 {[%clk 00:12:29]} {[%emt 00:00:52]} Rf7 {[%clk 00:18:02]} {[%emt 00:00:32]}
35. b5 {[%clk 00:12:17]} {[%emt 00:00:23]} g5 {[%clk 00:17:13]} {[%emt
00:00:58]} 36. Kc1 {[%clk 00:11:16]} {[%emt 00:01:11]} Kg7 {[%clk 00:16:47]}
{[%emt 00:00:37]} 37. Kd2 {[%clk 00:10:57]} {[%emt 00:00:28]} Kg6 {[%clk
00:16:32]} {[%emt 00:00:25]} 38. Ke3 {[%clk 00:10:18]} {[%emt 00:00:49]} Kh5
{[%clk 00:16:13]} {[%emt 00:00:29]} 39. Rc4 {[%clk 00:09:24]} {[%emt 00:01:04]}
Rf5 {[%clk 00:15:34]} {[%emt 00:00:49]} 40. Rb4 {[%clk 00:09:10]} {[%emt
00:00:24]} Rc5 {[%clk 00:14:51]} {[%emt 00:00:53]} 41. c4 {[%clk 00:06:10]}
{[%emt 00:03:10]} Kh4 {[%clk 00:14:42]} {[%emt 00:00:19]} 42. Rxa4 {[%clk
00:06:16]} {[%emt 00:00:05]} Kxh3 {[%clk 00:14:45]} {[%emt 00:00:06]} 43. Rb4
{[%clk 00:06:03]} {[%emt 00:00:24]} h5 {[%clk 00:14:32]} {[%emt 00:00:23]} 44.
a4 {[%clk 00:04:15]} {[%emt 00:01:58]} g4 {[%clk 00:14:10]} {[%emt 00:00:32]}
45. a5 {[%clk 00:03:17]} {[%emt 00:01:08]} g3 {[%clk 00:13:51]} {[%emt
00:00:28]} 46. b6 {[%clk 00:03:15]} {[%emt 00:00:12]} Rxa5 {[%clk 00:12:21]}
{[%emt 00:01:40]} 47. b7 {[%clk 00:02:49]} {[%emt 00:00:37]} Re5+ {[%clk
00:10:10]} {[%emt 00:02:20]} 48. Kf4 {[%clk 00:02:20]} {[%emt 00:00:39]} g2
{[%clk 00:09:40]} {[%emt 00:00:40]} 49. Kxe5 {[%clk 00:01:20]} {[%emt
00:01:11]} g1=Q {[%clk 00:09:31]} {[%emt 00:00:19]} 50. b8=Q {[%clk 00:01:26]}
{[%emt 00:00:03]} Qc5+ {[%clk 00:09:13]} {[%emt 00:00:28]} 51. Ke4 {[%clk
00:01:13]} {[%emt 00:00:24]} Qc6+ {[%clk 00:09:00]} {[%emt 00:00:22]} 52. Ke3
{[%clk 00:01:14]} {[%emt 00:00:09]} Qc5+ {[%clk 00:08:43]} {[%emt 00:00:27]} 53.
Kd3 {[%clk 00:01:14]} {[%emt 00:00:10]} Qf5+ {[%clk 00:08:40]} {[%emt
00:00:13]} 54. Kd4 {[%clk 00:00:52]} {[%emt 00:00:32]} c5+ {[%clk 00:08:35]}
{[%emt 00:00:16]} 55. Kc3 {[%clk 00:00:44]} {[%emt 00:00:15]} Qxf3+ {[%clk
00:08:37]} {[%emt 00:00:10]} 56. Kb2 {[%clk 00:00:49]} {[%emt 00:00:04]} Qf6+
{[%clk 00:08:35]} {[%emt 00:00:13]} 57. c3 {[%clk 00:00:49]} {[%emt 00:00:10]}
cxb4 {[%clk 00:08:42]} {[%emt 00:00:04]} 58. Qxb4 {[%clk 00:00:58]} {[%emt
00:00:01]} h4 {[%clk 00:08:48]} {[%emt 00:00:03]} 59. c5 {[%clk 00:01:04]}
{[%emt 00:00:04]} Qf2+ {[%clk 00:08:53]} {[%emt 00:00:06]} 60. Kb3 {[%clk
00:01:12]} {[%emt 00:00:02]} Qf7+ {[%clk 00:08:59]} {[%emt 00:00:04]} 61. Qc4
{[%clk 00:01:15]} {[%emt 00:00:07]} Qb7+ {[%clk 00:09:06]} {[%emt 00:00:03]} 62.
Qb4 {[%clk 00:01:19]} {[%emt 00:00:06]} Qf7+ {[%clk 00:09:14]} {[%emt
00:00:01]} 63. c4 {[%clk 00:01:19]} {[%emt 00:00:10]} Qf3+ {[%clk 00:09:16]}
{[%emt 00:00:08]} 64. Qc3 {[%clk 00:01:17]} {[%emt 00:00:12]} Qxc3+ {[%emt
00:00:02]} 65. Kxc3 {[%emt 00:00:02]} Kg4 {[%clk 00:09:18]} {[%emt 00:00:04]}
66. c6 {[%clk 00:01:26]} {[%emt 00:00:02]} h3 {[%clk 00:09:21]} {[%emt
00:00:07]} 67. c7 {[%clk 00:01:34]} h2 {[%clk 00:09:28]} {[%emt 00:00:03]} 68.
c8=Q+ {[%clk 00:01:41]} {[%emt 00:00:04]} Kg3 {[%clk 00:09:36]} {[%emt
00:00:02]} 69. Qc6 {[%clk 00:01:46]} {[%emt 00:00:04]} Kf2 {[%clk 00:09:43]}
{[%emt 00:00:03]} 70. Qh1 {[%clk 00:01:54]} {[%emt 00:00:02]} Kg3 {[%clk
00:09:50]} {[%emt 00:00:03]} 71. c5 {[%clk 00:02:02]} {[%emt 00:00:02]} Kh3
{[%clk 00:09:57]} {[%emt 00:00:03]} 72. Kd3 {[%clk 00:02:11]} {[%emt 00:00:01]}
Kg3 {[%clk 00:10:04]} {[%emt 00:00:03]} 73. Ke3 {[%clk 00:02:19]} {[%emt
00:00:02]} Kh3 {[%clk 00:10:11]} {[%emt 00:00:03]} 74. Kf4 {[%clk 00:02:28]}
{[%emt 00:00:01]} Kh4 {[%clk 00:10:20]} {[%emt 00:00:02]} 75. Qxh2 {[%clk
00:02:26]} {[%emt 00:00:02]} 1-0

[Event "ABC 2025 Groep C"]
[Site "Utrecht"]
[Date "2025.03.15"]
[Round "4.8"]
[White "Seth, Aakrit"]
[Black "Bloemberg, Jesper"]
[Result "0-1"]
[WhiteFideId "9032397"]
[BlackFideId "8902872"]
[WhiteElo "1887"]
[BlackElo "1750"]

1. d4 {[%clk 00:55:18]} {[%emt 00:00:01]} Nf6 {[%clk 00:55:13]} {[%emt
00:00:06]} 2. Bf4 {[%clk 00:55:24]} {[%emt 00:00:05]} g6 {[%clk 00:55:04]}
{[%emt 00:00:19]} 3. e3 {[%clk 00:55:25]} {[%emt 00:00:08]} Bg7 {[%clk
00:55:06]} {[%emt 00:00:07]} 4. Be2 {[%clk 00:55:09]} {[%emt 00:00:28]} O-O
{[%clk 00:55:04]} {[%emt 00:00:11]} 5. h3 {[%clk 00:54:49]} {[%emt 00:00:32]}
d6 {[%clk 00:55:02]} {[%emt 00:00:09]} 6. Nf3 {[%clk 00:54:52]} {[%emt
00:00:08]} Nfd7 {[%clk 00:53:11]} {[%emt 00:02:02]} 7. O-O {[%clk 00:54:41]}
{[%emt 00:00:21]} e5 {[%clk 00:52:48]} {[%emt 00:00:32]} 8. Bg3 {[%clk
00:54:35]} {[%emt 00:00:15]} f5 {[%clk 00:52:05]} {[%emt 00:00:55]} 9. dxe5
{[%clk 00:54:08]} {[%emt 00:00:37]} dxe5 {[%clk 00:51:59]} {[%emt 00:00:16]} 10.
Qd5+ {[%clk 00:54:11]} {[%emt 00:00:07]} Kh8 {[%clk 00:51:51]} {[%emt
00:00:17]} 11. Rd1 {[%clk 00:53:24]} {[%emt 00:00:58]} Qe8 {[%clk 00:46:58]}
{[%emt 00:05:00]} 12. Nc3 {[%clk 00:51:46]} {[%emt 00:01:51]} a6 {[%clk
00:42:15]} {[%emt 00:04:52]} 13. a4 {[%clk 00:49:51]} {[%emt 00:02:07]} Nc6
{[%clk 00:41:05]} {[%emt 00:01:18]} 14. a5 {[%clk 00:49:50]} {[%emt 00:00:13]}
Nf6 {[%clk 00:31:30]} {[%emt 00:09:44]} 15. Qc5 {[%clk 00:49:16]} {[%emt
00:00:43]} Nd7 {[%clk 00:29:41]} {[%emt 00:01:58]} 16. Qd5 {[%clk 00:45:51]}
{[%emt 00:03:37]} Nf6 {[%clk 00:29:39]} {[%emt 00:00:13]} 17. Qb3 {[%clk
00:45:51]} {[%emt 00:00:08]} Be6 {[%clk 00:28:08]} {[%emt 00:01:41]} 18. Qxb7
{[%clk 00:43:40]} {[%emt 00:02:22]} Ra7 {[%clk 00:26:45]} {[%emt 00:01:33]} 19.
Bxa6 {[%clk 00:40:58]} {[%emt 00:02:52]} Rxb7 {[%clk 00:26:24]} {[%emt
00:00:31]} 20. Bxb7 {[%clk 00:41:06]} {[%emt 00:00:02]} Nb4 {[%clk 00:21:30]}
{[%emt 00:05:03]} 21. a6 {[%clk 00:37:53]} {[%emt 00:03:25]} Bc8 {[%clk
00:20:24]} {[%emt 00:01:15]} 22. Bxc8 {[%clk 00:36:29]} {[%emt 00:01:34]} Qxc8
{[%clk 00:18:25]} {[%emt 00:02:09]} 23. a7 {[%clk 00:36:03]} {[%emt 00:00:36]}
Qb7 {[%clk 00:17:59]} {[%emt 00:00:35]} 24. Nxe5 {[%clk 00:35:13]} {[%emt
00:01:00]} Kg8 {[%clk 00:12:39]} {[%emt 00:05:30]} 25. Nd7 {[%clk 00:33:49]}
{[%emt 00:01:35]} Ra8 {[%clk 00:12:08]} {[%emt 00:00:38]} 26. Nc5 {[%clk
00:32:50]} {[%emt 00:01:11]} Qb6 {[%clk 00:09:44]} {[%emt 00:02:33]} 27. Bxc7
{[%clk 00:29:17]} {[%emt 00:03:45]} Qxc7 {[%clk 00:08:43]} {[%emt 00:01:11]} 28.
Ne6 {[%clk 00:29:18]} {[%emt 00:00:09]} Qb7 {[%clk 00:04:16]} {[%emt 00:04:34]}
29. Rd8+ {[%clk 00:28:54]} {[%emt 00:00:37]} Rxd8 {[%clk 00:04:22]} {[%emt
00:00:03]} 30. Nxd8 {[%clk 00:28:04]} {[%emt 00:01:01]} Qa8 {[%clk 00:04:28]}
{[%emt 00:00:04]} 31. Nb5 {[%clk 00:25:38]} {[%emt 00:02:36]} Nfd5 {[%clk
00:03:57]} {[%emt 00:00:41]} 32. c3 {[%clk 00:20:56]} {[%emt 00:04:52]} Nc2
{[%clk 00:03:01]} {[%emt 00:01:07]} 33. Ra6 {[%clk 00:20:43]} {[%emt 00:00:23]}
Be5 {[%clk 00:01:25]} {[%emt 00:01:45]} 34. f4 {[%clk 00:20:06]} {[%emt
00:00:47]} Bc7 {[%clk 00:00:50]} {[%emt 00:00:45]} 35. Ne6 {[%clk 00:18:16]}
{[%emt 00:02:00]} Bb6 {[%clk 00:00:57]} {[%emt 00:00:03]} 36. c4 {[%clk
00:17:01]} {[%emt 00:01:25]} Ndxe3 {[%clk 00:01:02]} {[%emt 00:00:04]} 37. Rxb6
{[%clk 00:14:49]} {[%emt 00:02:23]} Qxg2# {[%clk 00:00:59]} {[%emt 00:00:02]}
0-1

[Event "ABC 2025 Groep C"]
[Site "Utrecht"]
[Date "2025.03.15"]
[Round "4.9"]
[White "Okita, Ryoga"]
[Black "Okita, Shinsaku"]
[Result "0-1"]
[WhiteFideId "8910759"]
[BlackFideId "8910748"]
[WhiteElo "1750"]
[BlackElo "1860"]

1. e4 {[%clk 00:55:13]} {[%emt 00:00:07]} c5 {[%clk 00:55:16]} {[%emt
00:00:04]} 2. Nc3 {[%clk 00:55:12]} {[%emt 00:00:11]} e6 {[%clk 00:55:22]}
{[%emt 00:00:04]} 3. f4 {[%clk 00:55:18]} {[%emt 00:00:04]} g6 {[%clk
00:55:30]} {[%emt 00:00:03]} 4. Nf3 {[%clk 00:55:21]} {[%emt 00:00:06]} Bg7
{[%clk 00:55:36]} {[%emt 00:00:04]} 5. Bc4 {[%clk 00:55:27]} {[%emt 00:00:05]}
Ne7 {[%clk 00:55:40]} {[%emt 00:00:05]} 6. d3 {[%clk 00:55:28]} {[%emt
00:00:09]} Nbc6 {[%clk 00:54:47]} {[%emt 00:01:04]} 7. O-O {[%clk 00:55:23]}
{[%emt 00:00:14]} a6 {[%clk 00:52:58]} {[%emt 00:01:59]} 8. a4 {[%clk
00:55:24]} {[%emt 00:00:08]} b6 {[%clk 00:53:03]} {[%emt 00:00:06]} 9. Qe1
{[%clk 00:54:24]} {[%emt 00:01:10]} Bb7 {[%clk 00:53:08]} {[%emt 00:00:05]} 10.
Qh4 {[%clk 00:52:05]} {[%emt 00:02:29]} Qc7 {[%clk 00:52:14]} {[%emt 00:01:04]}
11. f5 {[%clk 00:49:58]} {[%emt 00:02:17]} gxf5 {[%clk 00:51:21]} {[%emt
00:01:04]} 12. Bf4 {[%clk 00:44:11]} {[%emt 00:05:56]} d6 {[%clk 00:50:57]}
{[%emt 00:00:35]} 13. Qh5 {[%clk 00:37:43]} {[%emt 00:06:37]} Ng6 {[%clk
00:47:36]} {[%emt 00:03:32]} 14. Bg5 {[%clk 00:31:00]} {[%emt 00:06:53]} h6
{[%clk 00:44:36]} {[%emt 00:03:09]} 15. Bd2 {[%clk 00:21:34]} {[%emt 00:09:36]}
fxe4 {[%clk 00:39:20]} {[%emt 00:05:26]} 16. dxe4 {[%clk 00:13:51]} {[%emt
00:07:53]} Qe7 {[%clk 00:35:53]} {[%emt 00:03:37]} 17. Ba2 {[%clk 00:00:47]}
{[%emt 00:13:14]} O-O-O {[%clk 00:34:23]} {[%emt 00:01:40]} 18. Ne2 {[%clk
00:00:43]} {[%emt 00:00:15]} Kb8 {[%clk 00:32:51]} {[%emt 00:01:42]} 19. c3
{[%clk 00:00:45]} {[%emt 00:00:07]} Rhg8 {[%clk 00:30:46]} {[%emt 00:02:15]} 20.
Rab1 {[%clk 00:00:46]} {[%emt 00:00:09]} Nge5 {[%clk 00:30:46]} {[%emt
00:00:10]} 21. Nxe5 {[%clk 00:00:43]} {[%emt 00:00:13]} Nxe5 {[%clk 00:30:32]}
{[%emt 00:00:24]} 22. Ng3 {[%clk 00:00:40]} {[%emt 00:00:14]} Ka7 {[%clk
00:28:18]} {[%emt 00:02:23]} 23. b4 {[%clk 00:00:43]} {[%emt 00:00:08]} Bf6
{[%clk 00:27:15]} {[%emt 00:01:13]} 24. bxc5 {[%clk 00:00:25]} {[%emt
00:00:28]} dxc5 {[%clk 00:27:13]} {[%emt 00:00:11]} 25. Rb2 {[%clk 00:00:24]}
{[%emt 00:00:11]} Bg5 {[%clk 00:23:42]} {[%emt 00:03:42]} 26. Bxg5 {[%clk
00:00:25]} {[%emt 00:00:09]} Qxg5 {[%clk 00:23:34]} {[%emt 00:00:17]} 27. Qe2
{[%clk 00:00:28]} {[%emt 00:00:07]} Qg4 {[%clk 00:21:19]} {[%emt 00:02:25]} 0-1

[Event "ABC 2025 Groep C"]
[Site "Utrecht"]
[Date "2025.03.15"]
[Round "4.10"]
[White "Kshirsagar, Parth"]
[Black "Srivatsa, Kirtin"]
[Result "1/2-1/2"]
[WhiteFideId "8887758"]
[BlackFideId "8983249"]
[WhiteElo "1846"]
[BlackElo "1749"]

1. d4 {[%clk 00:55:18]} {[%emt 00:00:01]} Nf6 {[%clk 00:55:14]} {[%emt
00:00:07]} 2. c4 {[%clk 00:55:15]} {[%emt 00:00:14]} g6 {[%clk 00:55:15]}
{[%emt 00:00:07]} 3. Nf3 {[%clk 00:55:18]} {[%emt 00:00:07]} Bg7 {[%clk
00:54:59]} {[%emt 00:00:26]} 4. Nc3 {[%clk 00:55:15]} {[%emt 00:00:14]} d5
{[%clk 00:54:35]} {[%emt 00:00:33]} 5. e3 {[%clk 00:55:02]} {[%emt 00:00:23]}
Bf5 {[%clk 00:52:27]} {[%emt 00:02:18]} 6. Bd3 {[%clk 00:54:34]} {[%emt
00:00:39]} Bxd3 {[%clk 00:51:13]} {[%emt 00:01:24]} 7. Qxd3 {[%clk 00:54:36]}
{[%emt 00:00:07]} c6 {[%clk 00:48:37]} {[%emt 00:02:47]} 8. O-O {[%clk
00:53:16]} {[%emt 00:01:30]} O-O {[%clk 00:48:29]} {[%emt 00:00:17]} 9. b3
{[%clk 00:52:53]} {[%emt 00:00:34]} Re8 {[%clk 00:45:37]} {[%emt 00:03:02]} 10.
Bb2 {[%clk 00:52:43]} {[%emt 00:00:20]} dxc4 {[%clk 00:44:56]} {[%emt
00:00:51]} 11. Qxc4 {[%clk 00:50:51]} {[%emt 00:02:01]} Nbd7 {[%clk 00:42:52]}
{[%emt 00:02:14]} 12. Rad1 {[%clk 00:48:45]} {[%emt 00:02:17]} Nb6 {[%clk
00:40:56]} {[%emt 00:02:06]} 13. Qe2 {[%clk 00:47:57]} {[%emt 00:00:57]} Nfd5
{[%clk 00:40:21]} {[%emt 00:00:46]} 14. Nxd5 {[%clk 00:40:40]} {[%emt
00:07:27]} Nxd5 {[%clk 00:38:48]} {[%emt 00:01:43]} 15. e4 {[%clk 00:40:10]}
{[%emt 00:00:39]} Nb6 {[%clk 00:37:49]} {[%emt 00:01:09]} 16. Rfe1 {[%clk
00:37:01]} {[%emt 00:03:19]} Qc7 {[%clk 00:35:58]} {[%emt 00:02:02]} 17. Rc1
{[%emt 00:05:16]} Rad8 {[%clk 00:32:56]} {[%emt 00:00:10]} 18. d5 {[%clk
00:33:58]} {[%emt 00:01:09]} e6 {[%clk 00:31:15]} {[%emt 00:01:50]} 19. dxc6
{[%clk 00:33:26]} {[%emt 00:00:42]} bxc6 {[%clk 00:31:16]} {[%emt 00:00:09]} 20.
Bxg7 {[%clk 00:33:14]} {[%emt 00:00:23]} Kxg7 {[%clk 00:31:14]} {[%emt
00:00:12]} 21. Rcd1 {[%clk 00:32:52]} {[%emt 00:00:32]} Rxd1 {[%clk 00:29:50]}
{[%emt 00:01:33]} 22. Rxd1 {[%clk 00:32:32]} {[%emt 00:00:31]} Rd8 {[%clk
00:29:40]} {[%emt 00:00:20]} 23. h3 {[%clk 00:32:00]} {[%emt 00:00:41]} Rxd1+
{[%clk 00:29:13]} {[%emt 00:00:37]} 24. Qxd1 {[%clk 00:32:05]} {[%emt
00:00:05]} c5 {[%clk 00:24:46]} {[%emt 00:04:37]} 25. Qd3 {[%clk 00:28:47]}
{[%emt 00:03:29]} f6 {[%clk 00:22:53]} {[%emt 00:02:03]} 1/2-1/2

[Event "ABC 2025 Groep C"]
[Site "Utrecht"]
[Date "2025.03.15"]
[Round "4.11"]
[White "Zhou, Yanyang"]
[Black "Roersma, Dylan"]
[Result "1/2-1/2"]
[WhiteFideId "8990377"]
[BlackFideId "8962217"]
[WhiteElo "1740"]
[BlackElo "1839"]

1. e4 {[%clk 00:55:19]} c5 {[%clk 00:55:12]} {[%emt 00:00:08]} 2. Nf3 {[%clk
00:55:24]} {[%emt 00:00:06]} Nc6 {[%clk 00:55:13]} {[%emt 00:00:09]} 3. Bb5
{[%clk 00:55:30]} {[%emt 00:00:04]} e6 {[%clk 00:54:49]} {[%emt 00:00:33]} 4.
O-O {[%clk 00:55:30]} {[%emt 00:00:10]} Nge7 {[%clk 00:54:39]} {[%emt
00:00:20]} 5. c3 {[%clk 00:55:29]} {[%emt 00:00:11]} Ng6 {[%clk 00:52:41]}
{[%emt 00:02:08]} 6. d4 {[%clk 00:54:41]} {[%emt 00:00:59]} Be7 {[%clk
00:50:56]} {[%emt 00:01:55]} 7. Re1 {[%clk 00:53:58]} {[%emt 00:00:53]} O-O
{[%clk 00:50:42]} {[%emt 00:00:23]} 8. Be3 {[%clk 00:52:40]} {[%emt 00:01:28]}
cxd4 {[%clk 00:50:00]} {[%emt 00:00:52]} 9. cxd4 {[%clk 00:52:00]} {[%emt
00:00:51]} d5 {[%emt 00:04:25]} 10. e5 {[%clk 00:51:13]} {[%emt 00:00:53]} Bd7
{[%clk 00:44:15]} {[%emt 00:01:43]} 11. Bf1 {[%clk 00:49:57]} {[%emt 00:01:26]}
Rc8 {[%clk 00:43:22]} {[%emt 00:01:04]} 12. Nc3 {[%clk 00:48:57]} {[%emt
00:01:09]} Re8 {[%clk 00:42:17]} {[%emt 00:01:15]} 13. Rc1 {[%clk 00:48:09]}
{[%emt 00:00:58]} a6 {[%clk 00:35:52]} {[%emt 00:06:36]} 14. Qd2 {[%clk
00:47:16]} {[%emt 00:01:02]} f6 {[%clk 00:33:44]} {[%emt 00:02:19]} 15. exf6
{[%clk 00:46:02]} {[%emt 00:01:24]} Bxf6 {[%clk 00:33:44]} {[%emt 00:00:10]} 16.
Bd3 {[%clk 00:45:22]} {[%emt 00:00:49]} Nf8 {[%clk 00:32:07]} {[%emt 00:01:48]}
17. Ne2 {[%clk 00:42:38]} {[%emt 00:02:53]} Ne7 {[%clk 00:25:52]} {[%emt
00:06:26]} 18. Ng3 {[%clk 00:41:29]} {[%emt 00:01:19]} Neg6 {[%clk 00:24:35]}
{[%emt 00:01:26]} 19. Rxc8 {[%clk 00:40:58]} {[%emt 00:00:41]} Qxc8 {[%clk
00:24:28]} {[%emt 00:00:17]} 20. Rc1 {[%clk 00:40:58]} {[%emt 00:00:11]} Bc6
{[%clk 00:23:24]} {[%emt 00:01:13]} 21. Bg5 {[%clk 00:40:13]} {[%emt 00:00:54]}
Bxg5 {[%clk 00:22:20]} {[%emt 00:01:15]} 22. Qxg5 {[%clk 00:40:13]} {[%emt
00:00:10]} Qd8 {[%clk 00:20:59]} {[%emt 00:01:31]} 23. Qe3 {[%clk 00:39:36]}
{[%emt 00:00:47]} Qd6 {[%clk 00:20:07]} {[%emt 00:01:02]} 24. a3 {[%clk
00:35:37]} {[%emt 00:04:09]} Qf4 {[%clk 00:15:08]} {[%emt 00:05:09]} 25. Re1
{[%clk 00:32:12]} {[%emt 00:03:35]} Qxe3 {[%clk 00:11:23]} {[%emt 00:03:55]} 26.
Rxe3 {[%clk 00:30:57]} {[%emt 00:01:25]} Bd7 {[%clk 00:10:07]} {[%emt
00:01:26]} 27. h3 {[%clk 00:29:35]} {[%emt 00:01:32]} Rc8 {[%clk 00:09:32]}
{[%emt 00:00:45]} 28. Ne5 {[%clk 00:27:20]} {[%emt 00:02:25]} Nf4 {[%clk
00:06:37]} {[%emt 00:03:05]} 1/2-1/2

[Event "ABC 2025 Groep C"]
[Site "Utrecht"]
[Date "2025.03.15"]
[Round "4.12"]
[White "Tetova, Amir"]
[Black "De Wit, Jim"]
[Result "0-1"]
[WhiteFideId "8836399"]
[BlackFideId "8935938"]
[WhiteElo "1813"]
[BlackElo "1708"]

1. d4 Nf6 2. Nf3 c5 3. e3 e6 4. Nc3 cxd4 5. exd4 Bb4 6. Bd2 O-O 7. Bd3 Nc6 8.
O-O d5 9. a3 Ba5 10. Re1 a6 11. Bg5 Bc7 12. Ne5 Bd6 13. Ng4 Be7 14. Ne5 Nb8 15.
Re3 Nbd7 16. Rh3 g6 17. Qd2 Re8 18. Nxd7 Nxd7 19. Bxe7 Qxe7 20. Qh6 Nf8 21. Re1
Qf6 22. Nxd5 Qd8 23. Nc3 Qxd4 24. Ne4 Qg7 25. Qh4 Nd7 26. Nd6 Rf8 27. Ne4 Re8
28. Ng5 Nf8 29. Qh6 Qxh6 30. Rxh6 Kg7 31. Rh3 f5 {[%clk 00:21:13]} 0-1